LEADER 01147nam0-22003131i-450- 001 990003182250403321 035 $a000318225 035 $aFED01000318225 035 $a(Aleph)000318225FED01 035 $a000318225 100 $a20000920d1969----km-y0itay50------ba 101 0 $aita 102 $aIT 200 1 $aRicerca sul problema delle abitazioni in Italia$ei provvedimenti legislativi sull'edilizia economica e popolare in Italia dal 1865 ad oggi$fa cura di Giuseppe Matulli 210 $aFirenze$cDipartimento Statistico-Matematico dell'Università$d1969 215 $a2 v. (XIV, 128 p., 183 p.)$d28 cm 225 1 $aDocumentazione$v11-13 300 $a1. Introduzione. I provvedimenti legislativi dal 1865 al 1938$a2. I provvedimenti legislativi dal 1938 al 1968 610 0 $aAbitazioni$aItalia 676 $aL/2.32 702 1$aMatulli,$bGiuseppe 801 0$aIT$bUNINA$gRICA$2UNIMARC 901 $aBK 912 $a990003182250403321 952 $aL/2.32 RIC/69.1$b3406 c/I$fSES 952 $aL/2.32 RIC/69.2$b3406 d/I$fSES 959 $aSES 996 $aRicerca sul problema delle abitazioni in Italia$9452445 997 $aUNINA